000 00715nam a22001577a 4500
003 OSt
005 20151006152149.0
008 151006b xxu||||| |||| 00| 0 eng d
040 _cRUA
082 _aAVM HAN 2000 B072 Or.1
100 _92188
_aHANG, NAM.
245 _aStudy of efficacy of Ivomec-f against fasciolosis in cattle in Sa Ang district of Kandal, ការសិក្សាអំពីប្រសិទ្ធភាពរបស់ថ្នាំ Ivomec -f ប្រឆាំងនឹងព្រូនហ្វាស្យូឡាគោ នៅស្រុកស្អាង ខេត្តកណ្តាល
260 _aPhnom Penh
_bRUA
_c2000
300 _aviii; 38p.
_bill.
_c29cm.
942 _2ddc
_cAVM
999 _c2059
_d2059